[Event "Open"]
[Site "Cannes FRA"]
[Date "2000.02.26"]
[Round "7"]
[White "Lamb,H"]
[Black "Bonnet,E1"]
[Result "1/2-1/2"]
[WhiteElo "2185"]
[BlackElo "2108"]

1.Nf3 d5 2.g3 Bg4 3.Bg2 Nd7 4.b3 e5 5.h3 Bh5 6.Bb2 e4 7.Nh4 Ngf6 8.c4 c6
9.Nc3 Nc5 10.g4 Bg6 11.Nxg6 hxg6 12.b4 Ne6 13.cxd5 Nf4 14.dxc6 Nxg2+ 15.Kf1 Nf4
16.cxb7 Rb8 17.Qa4+ Qd7 18.Qxa7 Bd6 19.Qe3 Qxb7 20.f3 Qxb4 21.Rb1 N6d5 22.Nxd5 Nxd5
23.Qxe4+ Qxe4 24.fxe4 Nf4 25.Kf2 Nxh3+ 26.Ke3 Bf4+ 27.Kf3 Ng5+ 28.Kxf4 Ne6+
29.Ke3 Rxh1 30.Rxh1 Rxb2 31.Ra1 Kd7 32.a4 Kc6 33.a5 Rb8 34.a6 Ra8 35.d4 Kb6
36.d5 Nc7 37.Rf1 Rf8 38.Kd4 Nxa6 39.e5 Kc7 40.Ra1 Ra8 41.Rf1 Rf8 42.e4 Kd7
43.e6+ Ke7 44.exf7 Rxf7 45.Rb1 Nc7 46.g5 Rf4 47.Ke5 Rg4 48.d6+ Kd7 49.dxc7 Rxg5+
50.Kf4 Rc5 51.Ra1 Rxc7  1/2-1/2

[Event "NED-chT"]
[Site "Hengelo NED"]
[Date "2000.02.26"]
[Round "3"]
[White "Schebler,G"]
[Black "Sokolov,I"]
[Result "1/2-1/2"]
[WhiteElo "2477"]
[BlackElo "2637"]

1.Nf3 d5 2.g3 c6 3.Bg2 Bg4 4.O-O Nd7 5.d4 e6 6.Nbd2 Ngf6 7.Re1 Be7 8.e4 O-O
9.c3 Bh5 10.Qb3 Qb6 11.Ne5 Nxe5 12.Qxb6 axb6 13.dxe5 Nd7 14.exd5 exd5 15.Nb3 Rfe8
16.Bh3 Nc5 17.Nxc5 Bxc5 18.Bd2 Bg6 19.Bd7 Red8 20.e6 fxe6 21.Bxe6+ Bf7 22.Bxf7+ Kxf7
23.Be3 Re8 24.Bd2 Rxe1+ 25.Bxe1 b5 26.Kf1 Ke6 27.Ke2 Kf5 28.h3 h5 29.Bd2 d4
30.g4+ hxg4 31.hxg4+ Ke4 32.f3+ Kd5 33.Kd3 g6 34.b3 dxc3 35.Bxc3 b4 36.Bb2 Re8
37.Rd1 Re3+ 38.Kc2+ Ke6 39.Rd3 Re1 40.Rd1 Re2+ 41.Rd2  1/2-1/2

[Event "3rd Open"]
[Site "Malaga ESP"]
[Date "2000.03.01"]
[Round "6"]
[White "Moskalenko,V"]
[Black "Baron Rodriguez,Je"]
[Result "1/2-1/2"]
[WhiteElo "2518"]
[BlackElo "2392"]

1.Nf3 d5 2.g3 Bg4 3.Bg2 e6 4.d3 Nd7 5.Nbd2 Bd6 6.h3 Bh5 7.O-O Ne7 8.Qe1 O-O
9.e4 c5 10.Nh2 Qc7 11.f4 f6 12.Ng4 Bf7 13.Nf3 Nc6 14.exd5 exd5 15.Qd1 b5
16.Nh4 Rfe8 17.Ne3 Nb6 18.c3 Bf8 19.Nc2 a5 20.g4 g6 21.Nf3 b4 22.a4 Rad8
23.d4 Nc4 24.g5 f5 25.Ne5 cxd4 26.Nxc6 Qxc6 27.Nxd4 Qb6 28.Kh2 Bc5 29.Qd3 b3
30.Nb5 Ne3 31.Bxe3 Rxe3 32.Qd1 d4 33.cxd4 Bxd4 34.Nxd4 Rxd4 35.Qc1 Re2 36.Re1 Rc2
37.Qe3 Rdd2 38.Qxb6 Rxg2+ 39.Kh1 Rh2+ 40.Kg1 Rcg2+ 41.Kf1 Bc4+ 42.Re2 Rxe2
43.Qc6 Rc2+ 44.Kg1 Rxh3  1/2-1/2

[Event "Sufe Cup"]
[Site "Shanghai CHN"]
[Date "2000.03.03"]
[Round "1"]
[White "Pigusov,E"]
[Black "Nay Oo Kyaw Tun"]
[Result "1-0"]
[WhiteElo "2610"]
[BlackElo "2595"]

1.Nf3 d5 2.g3 Nf6 3.Bg2 c6 4.O-O Bg4 5.c4 e6 6.cxd5 cxd5 7.Qb3 Qc7 8.d3 Nc6
9.Nc3 Qd7 10.Qa4 Be7 11.Nd4 O-O 12.Nxc6 bxc6 13.h3 Bh5 14.Qc2 Bg6 15.e4 d4
16.Na4 c5 17.b3 Rac8 18.Nb2 Rfd8 19.Nc4 Ne8 20.Bd2 Nd6 21.Ne5 Qc7 22.f4 f6
23.Nxg6 hxg6 24.Rae1 e5 25.fxe5 fxe5 26.h4 Rf8 27.Bh3 Rxf1+ 28.Rxf1 Rf8 29.Be6+ Kh7
30.Rxf8 Bxf8 31.Qd1 Qe7 32.Qg4 Nf7 33.Bg5 Qc7 34.Qf3 Kg8 35.Bd5 Bd6 36.Qg4 Kh7
37.Qe6 Nxg5 38.hxg5 Bf8  1-0

[Event "Oz.com qualifier blitz"]
[Site "Internet ICC"]
[Date "2000.03.05"]
[Round "6"]
[White "Tsaturian,V"]
[Black "Fernandez,La"]
[Result "1/2-1/2"]
[WhiteElo "2363"]
[BlackElo "2025"]

1.Nf3 d5 2.g3 c6 3.Bg2 Bg4 4.O-O Bxf3 5.exf3 Nf6 6.f4 e6 7.d3 Bd6 8.Nd2 O-O
9.Nf3 Nbd7 10.Re1 Qc7 11.b3 e5 12.fxe5 Nxe5 13.Bb2 Rfe8 14.Qd2 h6 15.Nxe5 Bxe5
16.Bxe5 Rxe5 17.Rxe5 Qxe5 18.Re1 Qf5 19.a4 Re8 20.Rxe8+ Nxe8 21.Qe3 Qd7 22.Qxa7 Nf6
23.Qb8+ Kh7 24.Qe5 Qg4 25.Qe1 Qd4 26.h3 Nh5 27.Kh2 f5 28.Bf3 Nf6 29.Kg2 f4
30.Qe6 fxg3 31.fxg3 Qc3 32.Qe2 Qd4 33.Qd2 Kh8 34.c3 Qe5 35.d4 Qf5 36.a5 Ne4
37.Bxe4 dxe4 38.Qe3 Qxa5 39.Qxe4 Qa2+ 40.Kf3 Qxb3 41.Qe8+ Qg8 42.Qd7 Qf8+
43.Kg2 Qa8 44.Kf3 Kg8 45.Qe6+ Kh8 46.Qd7 Qf8+ 47.Kg2 Qa3 48.Qe8+ Kh7 49.Qe4+ Kg8
50.Qe8+ Qf8 51.Qd7 Qa3 52.Qe8+ Kh7 53.Qe4+ Kg8 54.Qe8+ Kh7 55.Qe4+  1/2-1/2

[Event "Oz.com qualifier blitz"]
[Site "Internet ICC"]
[Date "2000.03.05"]
[Round "7"]
[White "Zimin,V"]
[Black "Soppe,G"]
[Result "1/2-1/2"]
[WhiteElo "2338"]
[BlackElo "2466"]

1.Nf3 d5 2.g3 c6 3.Bg2 Bg4 4.O-O Nd7 5.d4 e6 6.c4 Bd6 7.Nc3 f5 8.Qb3 Rb8
9.cxd5 exd5 10.h3 Bh5 11.Qc2 Bg6 12.Bf4 Bxf4 13.gxf4 Ngf6 14.Ne5 O-O 15.Kh1 Ne4
16.Nxg6 hxg6 17.e3 g5 18.Ne2 gxf4 19.Nxf4 Rf6 20.Rg1 Rh6 21.Bxe4 fxe4 22.Rg3 Qf6
23.Rag1 Rh7 24.Qe2 Qf5 25.Qg4 Qxg4 26.Rxg4 Nf6 27.Rg5 Kf7 28.Kg2 Rc8 29.Kf1 c5
30.dxc5 Rxc5 31.Kg2 Rc2 32.b3 Rxa2 33.Nxd5 Ra5 34.Rd1 Rh5 35.Rxh5 Nxh5 36.Nc3 Nf6
37.Rd4 Ra3 38.Rb4 b6 39.Kg3 g5 40.h4 Kg6 41.hxg5 Kxg5 42.Rb5+ Kg6 43.Kf4 Kf7
44.Nxe4 Nd7 45.Kf5 a6 46.Rb4 b5 47.Rd4 Ke7 48.f4 a5 49.Rd5 b4 50.Nd2 a4 51.Rb5 axb3
52.Rxb4 b2 53.Nc4 Rc3 54.Nxb2 Rxe3 55.Re4+ Rxe4 56.Kxe4 Nc5+ 57.Kf5 Ne6  1/2-1/2

[Event "Oz.com qualifier blitz"]
[Site "Internet ICC"]
[Date "2000.03.05"]
[Round "9"]
[White "Movsesian,S"]
[Black "Lugo,B"]
[Result "1-0"]
[WhiteElo "2668"]
[BlackElo "2415"]

1.Nf3 d5 2.g3 c6 3.Bg2 Bg4 4.O-O Nd7 5.d3 e6 6.Nbd2 Bd6 7.e4 Ne7 8.Qe2 O-O
9.h3 Bh5 10.Re1 Ne5 11.g4 Nxf3+ 12.Nxf3 Bg6 13.e5 Bc7 14.Bf4 c5 15.Nh2 Nc6
16.c3 f6 17.Nf3 c4 18.dxc4 Be4 19.cxd5 exd5 20.Rad1 Qe8 21.Bg3 fxe5 22.c4 Ba5
23.Rf1 Bxf3 24.Bxf3 e4 25.Bg2 Ne5 26.Bxe5 Qxe5 27.Rxd5 Qc7 28.Qxe4 Rae8 29.Qd3 Bb6
30.b4 Qf4 31.Rf5 Rxf5 32.Qxf5 Bxf2+ 33.Rxf2 Re1+ 34.Bf1 Qg3+ 35.Rg2 Qe3+
36.Kh2 h5 37.gxh5  1-0

[Event "FSIMC March"]
[Site "Budapest HUN"]
[Date "2000.03.09"]
[Round "4"]
[White "Naes,F"]
[Black "Froehlich,P"]
[Result "1/2-1/2"]
[WhiteElo "2257"]
[BlackElo "2375"]

1.Nf3 d5 2.g3 Nf6 3.Bg2 g6 4.O-O Bg7 5.d4 O-O 6.c4 dxc4 7.Qc2 Nc6 8.Rd1 Bf5
9.Qxc4 Ne4 10.Nc3 Nxc3 11.bxc3 Be4 12.Ba3 Qd5 13.Qxd5 Bxd5 14.Nd2 Bxg2 15.Kxg2 Rfd8  1/2-1/2

[Event "La Perla Open"]
[Site "Lugano SUI"]
[Date "2000.03.10"]
[Round "3"]
[White "Jurkovic,A"]
[Black "Rossi,G"]
[Result "1-0"]
[WhiteElo "2326"]
[BlackElo "2078"]

1.Nf3 d5 2.g3 Nf6 3.Bg2 c6 4.d3 Bf5 5.O-O e6 6.c4 Nbd7 7.Nc3 Be7 8.cxd5 exd5
9.e4 dxe4 10.dxe4 Nxe4 11.Nd4 Nxc3 12.bxc3 Be6 13.Nxe6 fxe6 14.Qg4 Bf6 15.Qxe6+ Qe7
16.Qb3 O-O-O 17.Be3 a6 18.Rab1 Ne5 19.Bh3+ Kb8 20.Qb6 c5 21.Bxc5 Nf3+ 22.Kh1 Qe4
23.Bg2 Rhe8 24.Rb4 Qd5 25.c4  1-0

[Event "Israeli League"]
[Site "Ramat Aviv ISR"]
[Date "2000.03.10"]
[Round "5"]
[White "Zalkind,K"]
[Black "Rabinovich,Al"]
[Result "1/2-1/2"]
[WhiteElo "2250"]
[BlackElo "2406"]

1.Nf3 d5 2.g3 c5 3.Bg2 Nc6 4.d4 e6 5.O-O Nf6 6.c4 Be7 7.cxd5 exd5 8.Nc3 O-O
9.Bg5 cxd4 10.Nxd4 h6 11.Be3 Re8 12.Rc1 Bf8 13.Nxc6 bxc6 14.Na4 Ng4 15.Bd4 Qa5
16.Rxc6 Bd7 17.Bc3 Qb5 18.Qxd5 Bxc6 19.Qxc6 Qh5 20.h3 Ne5 21.Qa6 Rad8 22.g4 Qg6
23.Qb5 Qd6 24.e3 Ng6 25.Qc6 Qd3 26.Bd4 Nf4 27.Nc3 Nxg2 28.Kxg2 Qc2 29.Qa4 Qg6
30.Qxa7 h5 31.f3 hxg4 32.hxg4 Rb8 33.Qa5 Rxb2+ 34.Rf2 Reb8 35.Ne4 R2b5 36.Qa6 Be7  1/2-1/2

[Event "Sufe Cup"]
[Site "Shanghai CHN"]
[Date "2000.03.14"]
[Round "12"]
[White "Pigusov,E"]
[Black "Zhang Zhong"]
[Result "0-1"]
[WhiteElo "2610"]
[BlackElo "2611"]

1.Nf3 d5 2.g3 Nf6 3.Bg2 Bg4 4.c4 c6 5.O-O e6 6.d3 Be7 7.Be3 Bxf3 8.Bxf3 d4
9.Bd2 a5 10.e4 Nbd7 11.Bg2 h5 12.Qe2 e5 13.Na3 h4 14.Nc2 Nc5 15.Rab1 Nfd7
16.f4 Qc7 17.f5 Qd8 18.Be1 hxg3 19.hxg3 Bg5 20.Rd1 Na4 21.Rb1 Qf6 22.Kf2 Ndc5
23.Rh1 Rxh1 24.Bxh1 Qh6 25.Bg2 Bc1 26.b3 Nb2 27.Rxb2 Bxb2 28.Bd2 Qh7 29.Qf3 f6
30.Ke2 b6 31.Qg4 Bc3 32.Bc1 Na6 33.Kf1 a4 34.bxa4 Nc5 35.Qd1 Nxa4 36.Ba3 Ba5
37.Bf3 Qh3+ 38.Bg2 Nc3 39.Bxh3 Nxd1 40.Bc1 Bc3 41.a3 Bb2 42.Bxb2 Nxb2 43.Ke2 Kd7  0-1

[Event "55th ch-YUG"]
[Site "Subotica YUG"]
[Date "2000.03.17"]
[Round "2"]
[White "Pavlovic,Mi"]
[Black "Sedlak,N"]
[Result "1/2-1/2"]
[WhiteElo "2481"]
[BlackElo "2323"]

1.Nf3 d5 2.g3 c6 3.Bg2 Bg4 4.c4 e6 5.Qb3 Qb6 6.Ne5 Bf5 7.d4 Nf6 8.Nc3 Nbd7
9.Nxd7 Nxd7 10.O-O Be7 11.e4 dxe4 12.Nxe4 O-O 13.Bf4 Bxe4 14.Bxe4 g5 15.Be3 f5
16.Bg2 f4 17.Bd2 Qxb3 18.axb3 Bf6 19.Bh3 Rfe8 20.Rfe1 Nf8 21.Re4 fxg3 22.hxg3 h5
23.Ra5 Bd8 24.Rf5 Be7 25.Ra5 Bd8 26.Ra1 Bf6 27.Rae1 Kf7 28.Bf1 Rad8 29.Bc3 Rd7
30.Be2 Kg6 31.Kg2 Red8 32.Rh1 Bxd4 33.Rxh5 Bxc3 34.bxc3 Rd2 35.Rh8 Kg7 36.Rh5 Kg6
37.Rh8 Kg7  1/2-1/2

[Event "Dos Hermanas Qualifier"]
[Site "Internet ICC"]
[Date "2000.03.18"]
[Round "1.1"]
[White "Zimin,V"]
[Black "Popov,Val"]
[Result "0-1"]
[WhiteElo "2338"]
[BlackElo "2534"]

1.Nf3 d5 2.g3 Bg4 3.Bg2 Nd7 4.O-O e6 5.d3 Ngf6 6.b3 Be7 7.Bb2 O-O 8.Nbd2 c5
9.e4 Bh5 10.e5 Ne8 11.Qe2 Nc7 12.h3 a5 13.a4 Na6 14.g4 Bg6 15.Rfe1 Nb4 16.Nf1 c4
17.bxc4 dxc4 18.Red1 cxd3 19.cxd3 Rc8 20.Rac1 Rxc1 21.Bxc1 Nc5 22.d4 Nxa4
23.Qe3 Nd5 24.Qe1 Nac3 25.Rd2 Bb4 26.Ng3 Nb1 27.Qd1 Nxd2 28.Bxd2 b5 29.h4 Qc7
30.Ne1 Bxd2 31.Qxd2 Qc3 32.Qe2 Qxd4 33.h5 Nc3 34.Qb2 Bd3 35.Nf3 Qb4 36.Qd2 Ne2+  0-1

[Event "55th ch-YUG"]
[Site "Subotica YUG"]
[Date "2000.03.20"]
[Round "4"]
[White "Pavlovic,Mi"]
[Black "Kosic,D"]
[Result "1/2-1/2"]
[WhiteElo "2481"]
[BlackElo "2521"]

1.Nf3 d5 2.g3 c6 3.Bg2 Bg4 4.b3 Nd7 5.Bb2 Ngf6 6.O-O e6 7.c4 Be7 8.d3 O-O
9.Nbd2 a5 10.a3 Qc7  1/2-1/2

[Event "55th ch-YUG"]
[Site "Subotica YUG"]
[Date "2000.03.22"]
[Round "6"]
[White "Pavlovic,Mi"]
[Black "Kalezic,B"]
[Result "1/2-1/2"]
[WhiteElo "2481"]
[BlackElo "2403"]

1.Nf3 d5 2.g3 c6 3.Bg2 Bg4 4.c4 e6 5.cxd5 exd5 6.O-O Nd7 7.d3 Ngf6 8.Nc3 Be7
9.Qc2 O-O 10.e4 dxe4 11.dxe4 Nc5 12.Ne5 Bh5 13.Be3 Nfd7 14.Nf3 Bxf3 15.Bxf3 Bg5
16.Bxg5 Qxg5 17.Rad1 Rfd8 18.Bg2 Ne6 19.f4 Qc5+ 20.Qf2 Nb6 21.Bh3 h6 22.e5 Nc4
23.Bxe6 Qxf2+ 24.Kxf2 fxe6 25.b3 Na5 26.Ke3 b6 27.g4 c5 28.Nb5 Kf7 29.f5 exf5
30.gxf5 Nc6 31.Ke4 Nd4 32.e6+ Ke7 33.Nxd4 cxd4 34.Rg1 Kf8 35.Rxd4 Rxd4+ 36.Kxd4 Rd8+
37.Ke5 Rd2 38.e7+ Kf7 39.e8=Q+ Kxe8 40.Rxg7 Rxa2 41.h4 a5 42.Rb7 a4 43.bxa4 Rxa4
44.h5 b5 45.Rxb5 Kf7 46.Rb7+ Kf8 47.Rb6 Kf7 48.Rxh6 Ra5+ 49.Kf4 Ra1 50.Rb6 Rg1
51.Ra6 Rg2 52.Ra3 Kf6 53.Ra6+ Kf7 54.Ra3 Kf6 55.h6 Rh2 56.Ra6+ Kf7 57.h7 Kg7
58.Ra3 Rf2+ 59.Ke4 Re2+ 60.Kf3 Rh2 61.Ra7+ Kh8 62.Ra1 Rxh7 63.Kf4 Rb7 64.Rg1 Rg7
65.Ra1 Rb7 66.Rg1 Rg7 67.Re1 Kg8 68.Ra1 Rb7 69.Ra8+ Kf7 70.Kg5 Rc7 71.Rh8 Rc6
72.Rh7+ Kf8 73.Rh6 Rxh6 74.Kxh6 Kf7 75.Kg5 Kg7  1/2-1/2

[Event "55th ch-YUG"]
[Site "Subotica YUG"]
[Date "2000.03.23"]
[Round "7"]
[White "Kosic,D"]
[Black "Sedlak,N"]
[Result "1/2-1/2"]
[WhiteElo "2521"]
[BlackElo "2323"]

1.Nf3 d5 2.g3 c6 3.Bg2 Bg4 4.c4 e6 5.cxd5 exd5 6.Qb3 Qb6 7.Qc2 Nd7 8.O-O Ngf6
9.d3 Bd6 10.e4 O-O 11.Nc3 Rfe8 12.Be3 Qa5 13.h3 Bxf3 14.Bxf3 dxe4 15.dxe4 Bc5
16.Bd2 Ne5 17.Bg2 Qa6 18.Na4 Bd4 19.Bc3 Bxc3 20.Nxc3 Rad8 21.Rfd1 b5 22.b3 Qb6
23.Rac1 h6 24.Kh1 Ng6 25.Qe2 Rxd1+ 26.Rxd1 Qc5 27.Qd2 Qe7 28.f3 Qc7 29.Qd6 Qb6
30.Kh2 h5 31.h4 Ne5 32.Qd4 Qa5 33.Qd2 Qb6 34.Qd4  1/2-1/2

[Event "It"]
[Site "Tel Aviv ISR"]
[Date "2000.03.23"]
[Round "4"]
[White "Gofshtein,L"]
[Black "Bykhovsky,Av"]
[Result "1-0"]
[WhiteElo "2580"]
[BlackElo "2467"]

1.Nf3 d5 2.g3 Bg4 3.Bg2 Nc6 4.h3 Bxf3 5.Bxf3 Nf6 6.d3 Qd7 7.Nd2 e5 8.c3 O-O-O
9.Qc2 h6 10.b4 Kb8 11.b5 Ne7 12.a4 Nc8 13.Bb2 Nd6 14.e4 dxe4 15.dxe4 Nc8
16.Be2 Qe6 17.Rd1 Bc5 18.Kf1 Rd7 19.Kg2 Rhd8 20.Bc1 Bb6 21.Rhf1 Bc5 22.Rde1 g5
23.Nb3 Bf8 24.Be3 b6 25.c4 Nd6 26.c5 Ndxe4 27.c6 Rd5 28.a5 Bc5 29.Nxc5 Nxc5
30.axb6 cxb6 31.Bc4 Qe7 32.Bxd5 Rxd5 33.Qa2 Nd3 34.Ra1 Rxb5 35.Qa6 Rb3 36.Rfb1 Nb4
37.Qb5 Rxb1 38.Bxb6 Nxc6 39.Bxa7+ Ka8 40.Rxb1  1-0

[Event "ch-LTU"]
[Site "Vilnius LTU"]
[Date "2000.03.25"]
[Round "1"]
[White "Zagorskis,D"]
[Black "Stasiunaite,L"]
[Result "1/2-1/2"]
[WhiteElo "2483"]
[BlackElo "2158"]

1.Nf3 d5 2.g3 Nf6 3.Bg2 c6 4.O-O Bf5 5.d3 e6 6.Nc3 h6 7.Qe1 Be7 8.e4 Bh7
9.Bf4 O-O 10.e5 Nfd7 11.h4 a6 12.Qd2 c5 13.Rfe1 Nc6 14.h5 Bf5 15.Nh2 Rc8
16.g4 Bh7 17.Nf3 Qa5 18.Qc1 Nd4 19.Ne2  1/2-1/2

[Event "21st Open A"]
[Site "Bled SLO"]
[Date "2000.03.26"]
[Round "2"]
[White "Jurkovic,A"]
[Black "Podkriznik,G"]
[Result "1-0"]
[WhiteElo "2326"]
[BlackElo "2331"]

1.Nf3 d5 2.g3 Nf6 3.Bg2 e6 4.d3 c5 5.O-O Nc6 6.Nbd2 Be7 7.e4 O-O 8.Re1 Qc7
9.Qe2 b5 10.e5 Nd7 11.Nf1 a5 12.h4 a4 13.a3 Bb7 14.Bf4 Nd4 15.Nxd4 cxd4 16.Nh2 Rfc8
17.Rec1 b4 18.Nf3 Qb6 19.Bd2 Bc6 20.h5 Rab8 21.h6 g6 22.Bh3 Bf8 23.Kg2 bxa3
24.bxa3 Ba8 25.Ra2 Rc7 26.Bg4 Rcb7 27.Bf4 Qa7 28.Ng5 Qa6 29.Qf3 Nc5 30.Rh1 Qa7
31.Bd2 Rb1 32.Rxb1 Rxb1 33.Bb4 Qe7 34.Bxe6 Bxh6 35.Bxc5  1-0

[Event "21st Open A"]
[Site "Bled SLO"]
[Date "2000.03.26"]
[Round "2"]
[White "Thiede,L"]
[Black "Filipenko,A"]
[Result "1-0"]
[WhiteElo "2390"]
[BlackElo "2370"]

1.g3 d5 2.Nf3 c6 3.Bg2 Bf5 4.d3 e6 5.O-O Nf6 6.Nbd2 h6 7.b3 Be7 8.Bb2 O-O
9.Ne5 Bh7 10.e4 a5 11.a3 Nbd7 12.Nxd7 Qxd7 13.Qe2 Qc7 14.f4 a4 15.b4 c5 16.b5 c4
17.dxc4 dxc4 18.Nxc4 Rac8 19.Bxf6 Bxf6 20.e5 Be7 21.Ne3 Qc3 22.Bxb7 Bc5 23.Rfe1 Rcd8
24.Kh1 Rd4 25.Bf3 Rfd8 26.Rab1 Bb6 27.Bg2 Be4 28.Nf1 Qc5 29.Bxe4 Rxe4 30.Qg2 Rxe1
31.Rxe1 Qxa3 32.Qc6 Qc5 33.Qxc5 Bxc5 34.Ra1 a3 35.Kg2 Rb8 36.c4 Rd8 37.Ra2 Rd3
38.Nd2  1-0

[Event "21st Open A"]
[Site "Bled SLO"]
[Date "2000.03.28"]
[Round "4"]
[White "Thiede,L"]
[Black "Borovikov,V"]
[Result "1/2-1/2"]
[WhiteElo "2390"]
[BlackElo "2472"]

1.g3 d5 2.Nf3 c6 3.Bg2 Bg4 4.Ne5 Bh5 5.c4 e6 6.Qb3 Nd7 7.d4 Nxe5 8.dxe5 Qb6
9.Be3 Qb4+ 10.Nd2 Nh6 11.cxd5 exd5 12.a3 Qxb3 13.Nxb3 Nf5 14.Bd2 Bg6 15.Rc1 Be7
16.O-O O-O 17.Rfd1 f6 18.Bc3 fxe5 19.Bxe5 Rae8 20.e3  1/2-1/2

[Event "Cat XI Spring"]
[Site "Kiev UKR"]
[Date "2000.03.30"]
[Round "9"]
[White "Kosikov,A"]
[Black "Galinsky,T"]
[Result "0-1"]
[WhiteElo "2460"]
[BlackElo "2424"]

1.Nf3 d5 2.g3 c6 3.c4 Nf6 4.Bg2 e6 5.b3 Bd6 6.Bb2 O-O 7.O-O Nbd7 8.Nc3 b6
9.e3 Ba6 10.d3 Re8 11.e4 dxe4 12.dxe4 Qc7 13.Nd4 e5 14.Nf5 Bc5 15.Qf3 Rad8
16.g4 Nf8 17.g5 N6d7 18.h4 Ne6 19.Ne2 Ndf8 20.Rfd1 Ng6 21.Bf1 Bc8 22.a3 a5
23.Qg3 Bf8 24.Qc3 Nef4 25.Nxf4 Nxf4 26.Qf3 Bxf5 27.exf5 e4 28.Rxd8 exf3 29.Rxe8 Qd7
30.Re3 Qxf5 31.Rxf3 Bc5 32.Re1 Qg4+ 33.Rg3 Qxg3+  0-1

[Event "Open"]
[Site "Bad Wildbad GER"]
[Date "2000.04.01"]
[Round "1"]
[White "Petrosian,S"]
[Black "Niebergall,G"]
[Result "1-0"]
[WhiteElo "2366"]
[BlackElo "2129"]

1.Nf3 d5 2.g3 Nf6 3.Bg2 c6 4.c4 dxc4 5.Qc2 b5 6.a4 Bb7 7.b3 cxb3 8.Qxb3 Qd5
9.Qb2 a6 10.O-O e6 11.Ne5 Qc5 12.d3 Nfd7 13.Nxd7 Nxd7 14.axb5 Qxb5 15.Qc2 Qc5
16.Nc3 Qa7 17.Rb1 Rb8 18.Qa4 Rc8 19.Be3 Bc5 20.Bxc5 Nxc5 21.Qd4 Rc7 22.Na4  1-0

[Event "AUT Staatsliga Qualifier"]
[Site "Linz AUT"]
[Date "2000.04.01"]
[Round "2"]
[White "Baumgartner,H"]
[Black "Thoma,R"]
[Result "0-1"]
[WhiteElo "2323"]
[BlackElo "2297"]

1.Nf3 d5 2.g3 c6 3.Bg2 Bg4 4.c4 e6 5.cxd5 exd5 6.O-O Nd7 7.d3 Ngf6 8.Qc2 Be7
9.e4 O-O 10.Nc3 dxe4 11.dxe4 Qa5 12.h3 Bxf3 13.Bxf3 Ne5 14.Be2 Bc5 15.Kg2 Bd4
16.Bd2 Qc5 17.Rac1 Rfe8 18.b4 Qxb4 19.Nb5 Qb2 20.Nc7 Qxc2 21.Rxc2 Nxe4 22.Nxa8 Rxa8
23.f4 Nd7 24.Bf3 f5 25.Rb1 Rb8 26.Ba5 Bb6 27.Bxb6 axb6 28.Bxe4 fxe4 29.Rd2 Nf6
30.Rxb6 Nd5 31.Rb1 b5 32.Rc1 Rb6 33.Re2 Ra6 34.Rcc2 e3 35.Kf3 Kf7 36.g4 Ke6
37.Rxe3+ Nxe3 38.Kxe3 Ra3+ 39.Ke4 Ra4+  0-1

[Event "Frisco Masters"]
[Site "San Francisco USA"]
[Date "2000.04.01"]
[Round "3"]
[White "Lazetich,Z"]
[Black "Pruess,D"]
[Result "0-1"]
[WhiteElo "2217"]
[BlackElo "2228"]

1.Nf3 d5 2.g3 c6 3.b3 Nf6 4.Bb2 Nbd7 5.Bg2 e6 6.O-O Bd6 7.c4 O-O 8.d3 Qe7
9.Nbd2 e5 10.cxd5 cxd5 11.e4 d4 12.Nc4 b5 13.Nxd6 Qxd6 14.a4 b4 15.Nd2 Ba6
16.Nc4 Bxc4 17.dxc4 Rad8 18.f4 Rfe8 19.fxe5 Nxe5 20.Rc1 Qc5 21.Rf5 d3+ 22.Kh1 d2
23.Ra1 Nfg4 24.Bxe5 Ne3 25.Bf4 Nxf5 26.Bxd2 Ne3 27.Qe1 Nc2  0-1

[Event "ch-LTU"]
[Site "Vilnius LTU"]
[Date "2000.04.02"]
[Round "9"]
[White "Rastenis,G"]
[Black "Survila,R"]
[Result "1/2-1/2"]
[WhiteElo "2328"]
[BlackElo "2240"]

1.Nf3 d5 2.g3 Nf6 3.Bg2 e6 4.O-O Be7 5.d3 b6 6.e4 dxe4 7.Ng5 Bb7 8.Nc3 O-O
9.Ncxe4 Nxe4 10.Nxe4 Nc6 11.Qh5 Rb8 12.Bd2 Nd4 13.c3 Nf5 14.d4 Nd6 15.Rfe1 Nxe4
16.Bxe4 Bxe4 17.Rxe4 Bf6 18.Bf4 Qd5 19.Qxd5 exd5 20.Re3 Rbc8 21.Be5 Bxe5
22.Rxe5 Rfd8 23.Rae1 Kf8 24.R1e3 Rd7 25.g4 h6 26.h4 f6 27.Rf5 Re8 28.g5 Rxe3
29.fxe3 hxg5 30.hxg5 Kf7 31.gxf6 gxf6 32.Rh5 Ke6 33.Kf2 a5 34.a4 Rg7 35.Rh8  1/2-1/2

[Event "73rd City-ch"]
[Site "St Petersburg RUS"]
[Date "2000.04.03"]
[Round "1"]
[White "Loginov,Va"]
[Black "Ionov,S"]
[Result "1-0"]
[WhiteElo "2512"]
[BlackElo "2558"]

1.Nf3 d5 2.g3 g6 3.Bg2 Bg7 4.c4 c6 5.d4 Nf6 6.Qb3 O-O 7.O-O Qb6 8.Nc3 Bf5
9.Ne5 e6 10.c5 Qxb3 11.axb3 Nbd7 12.f4 Nxe5 13.dxe5 Nd7 14.e4 dxe4 15.h3 h5
16.Be3 f6 17.Rfd1 Rf7 18.Nxe4 Bxe4 19.Bxe4 Kh7 20.g4 hxg4 21.hxg4 fxe5 22.f5 exf5
23.gxf5 Nf8 24.fxg6+ Nxg6 25.Rd2 Bf8 26.Rg2  1-0

[Event "Open"]
[Site "Bad Wildbad GER"]
[Date "2000.04.04"]
[Round "6"]
[White "Galdunts,S"]
[Black "Macek,V"]
[Result "1-0"]
[WhiteElo "2473"]
[BlackElo "2244"]

1.Nf3 d5 2.g3 c6 3.Bg2 Bg4 4.O-O Nf6 5.d3 e6 6.Nbd2 Be7 7.h3 Bh5 8.e4 a5
9.Qe2 Na6 10.a3 b5 11.Re1 h6 12.g4 Bg6 13.Ne5 Qc7 14.exd5 exd5 15.Nxc6  1-0

[Event "73rd City-ch"]
[Site "St Petersburg RUS"]
[Date "2000.04.04"]
[Round "2"]
[White "Loginov,Va"]
[Black "Ivanov,Se"]
[Result "1-0"]
[WhiteElo "2512"]
[BlackElo "2543"]

1.Nf3 d5 2.g3 c6 3.Bg2 Bg4 4.c4 e6 5.cxd5 Bxf3 6.Bxf3 cxd5 7.O-O Nf6 8.Nc3 Nc6
9.d3 Be7 10.Bg2 O-O 11.Bd2 Qd7 12.a3 Rab8 13.b4 b5 14.Ra2 Rfc8 15.Qb1 Qd8
16.e4 a5 17.exd5 axb4 18.dxc6 bxc3 19.Bxc3 Nd5 20.Be5 Bd6 21.Bxd5 exd5 22.Qb2 Bxe5
23.Qxe5 Rxc6 24.Rb2 Re6 25.Qf4 h6 26.Rfb1 Reb6 27.Rb4 Qd7 28.a4 R6b7 29.axb5 Rxb5
30.Qxb8+ Rxb8 31.Rxb8+ Kh7 32.R1b7 Qf5 33.Rf8 Qxd3 34.Rfxf7 Kg6 35.Rxg7+ Kf6
36.Rbe7 d4 37.Rgf7+ Kg6 38.Rg7+ Kf6 39.Rgf7+ Kg6 40.Rf4 Qc4 41.Re1 Qd5 42.Ree4 d3
43.Rd4 Qb7 44.Rd6+ Kg7 45.Rfd4  1-0

[Event "73rd City-ch"]
[Site "St Petersburg RUS"]
[Date "2000.04.06"]
[Round "4"]
[White "Loginov,Va"]
[Black "Solozhenkin,E"]
[Result "1/2-1/2"]
[WhiteElo "2512"]
[BlackElo "2528"]

1.Nf3 d5 2.g3 c6 3.Bg2 Bg4 4.c4 e6 5.cxd5 Bxf3 6.Bxf3 cxd5 7.O-O Nc6 8.Nc3 Nf6
9.d4 Be7 10.Rb1 O-O 11.Bg5 Rc8  1/2-1/2

[Event "Estonian Club Cup 2nd leg"]
[Site "Tallinn EST"]
[Date "2000.04.07"]
[Round "?"]
[White "Limberg,T"]
[Black "Fomina,T"]
[Result "1-0"]
[WhiteElo "2065"]
[BlackElo "2289"]

1.Nf3 d5 2.g3 Nc6 3.d4 Bg4 4.Bg2 Qd7 5.h3 Bf5 6.Ne5 Nxe5 7.dxe5 O-O-O 8.c3 f6
9.exf6 gxf6 10.Be3 a6 11.Nd2 e5 12.a3 c5 13.Nb3 d4 14.cxd4 cxd4 15.Bd2 Kb8
16.Na5 e4 17.Bf4+ Ka8 18.Qb3 Bh6 19.Bxh6 Nxh6 20.O-O Rhe8 21.Rac1 Nf7 22.Rc5 Re5
23.Rfc1 Rxc5 24.Rxc5 Nd6 25.Qb6 Nc8 26.Qxf6 Bg6 27.Nc4 Ka7 28.Ne5 Qd6 29.Qxd6 Nxd6
30.Nxg6 hxg6 31.Rd5 Kb6 32.Rxd4 Kc5 33.e3 Re8 34.h4 a5 35.b4+ axb4 36.axb4+ Kc6
37.g4 Re5 38.Kh2 Kc7 39.Kg3 Re8 40.Rd5 Kd7 41.Kf4 Rf8+ 42.Ke5 Re8+ 43.Kd4 Rc8
44.b5 Ra8 45.Bxe4 Ra4+ 46.Kd3 Ke6 47.f3 Ra3+ 48.Kd2 Nc4+ 49.Ke1 Nxe3 50.Rg5 Ra2
51.Bxb7 Ng2+ 52.Kd1 Nxh4 53.Bd5+ Kf6 54.Rxg6+ Kxg6 55.Bxa2 Nxf3 56.b6 Ne5
57.b7 Nc6 58.Be6 Kf6 59.Bc8  1-0

[Event "Bundesliga 1999-2000"]
[Site "Neukoelln GER"]
[Date "2000.04.08"]
[Round "14"]
[White "Thiede,L"]
[Black "Schmidt,Bo"]
[Result "0-1"]
[WhiteElo "2390"]
[BlackElo "2383"]

1.g3 d5 2.Nf3 c6 3.Bg2 Bg4 4.Ne5 Bf5 5.d4 Nd7 6.c4 e6 7.Qb3 Nxe5 8.dxe5 Qb6
9.Nc3 Bc5 10.e3 Ne7 11.Na4 Qxb3 12.axb3 Bb4+ 13.Bd2 Bxd2+ 14.Kxd2 O-O-O 15.c5 h5
16.h3 f6 17.exf6 gxf6 18.b4 Be4 19.f3 Bh7 20.g4 d4 21.e4 Ng6 22.b3 Nf4 23.Bf1 Bg6
24.Bd3 Rh7 25.Nb2 hxg4 26.fxg4 Rdh8 27.Rhf1 e5 28.Rxf4 exf4 29.Bf1 Bxe4 30.Nc4 Kb8
31.Nd6 Bd5 32.Kd3 Rxh3+ 33.Bxh3 Rxh3+ 34.Kxd4 Rxb3 35.b5 f3 36.Rh1 Rb4+ 37.Ke3 Rxg4
38.bxc6 bxc6 39.Rb1+ Ka8 40.Ne8 Re4+  0-1

[Event "Women's Open"]
[Site "St Petersburg RUS"]
[Date "2000.04.08"]
[Round "2"]
[White "Filichkina,S"]
[Black "Koroljova,V"]
[Result "1/2-1/2"]
[WhiteElo "2268"]
[BlackElo "2120"]

1.Nf3 d5 2.g3 Nf6 3.Bg2 e6 4.O-O Nbd7 5.d3 b6 6.Nbd2 Bb7 7.e4 dxe4 8.Ng5 Nc5
9.Ngxe4 Nfxe4 10.Nxe4 Nxe4 11.dxe4 Qxd1 12.Rxd1 Bc5 13.Bf4 Rc8 14.c3 b5 15.Rd2 Ke7
16.b4 Bb6 17.a4 a6 18.a5 Ba7 19.Rad1 Rhd8 20.Kf1 f6 21.Ke2 Rxd2+ 22.Bxd2 c5
23.Be3 Rc7 24.f3 Bc8 25.Rc1 c4 26.Bxa7 Rxa7 27.Rd1 e5 28.Ke3 Be6 29.Bf1 Rd7
30.Rxd7+ Bxd7 31.f4 Kf7 32.f5 g5 33.fxg6+ Kxg6 34.Be2 h5 35.Bf1 Kg5 36.h4+ Kg6
37.Be2 Bg4 38.Bf1 Kf7 39.Bg2  1/2-1/2

[Event "Bundesliga 1999-2000"]
[Site "Neukoelln GER"]
[Date "2000.04.09"]
[Round "15"]
[White "Stohl,I"]
[Black "Seul,G"]
[Result "1/2-1/2"]
[WhiteElo "2586"]
[BlackElo "2436"]

1.Nf3 d5 2.g3 c6 3.Bg2 Bg4 4.O-O Nd7 5.d3 e5 6.Nbd2 Ngf6 7.h3 Bh5 8.e4 dxe4
9.dxe4 Be7 10.Qe1 O-O 11.Nc4 Qc7 12.a4 Rfe8 13.Bd2 Bf8 14.Bc3 Bg6 15.Nh4 Bh5
16.Kh1 b5 17.axb5 cxb5 18.Ne3 Nc5 19.g4 Bg6 20.g5 Nh5 21.Nd5 Qb8 22.Nxg6 hxg6
23.Bf3 Nf4 24.Nxf4  1/2-1/2